LEADER 00757nam0 2200241 450 001 000016720 005 20080930150646.0 100 $a20080930d1976----km-y0itay50------ba 101 0 $aita 102 $aIT 105 $ay-------001yy 200 1 $aPrincipi di legislazione fiscale$fNicola d'Amati 210 $aBari$cCacucci$d1976 215 $a204 p.$d24 cm 300 $aIn testa al front.: Centro italiano studi di economia e finanza (CISEF). 610 1 $aTributi$aLegislazione 676 $a336$v18$9Finanza pubblica, tributi 700 1$aD'Amati,$bNicola$0137376 801 0$aIT$bUNIPARTHENOPE$c20080930$gRICA$2UNIMARC 912 $a000016720 951 $a323/111$b425$cNAVA2 996 $aPrincipi di legislazione fiscale$9617683 997 $aUNIPARTHENOPE